| 000 | 00733nam a2200181 a 4500 | ||
|---|---|---|---|
| 001 | 57569 | ||
| 005 | 20180714053816.0 | ||
| 008 | 140415s2011 mx 000 0 spa d | ||
| 020 | _a9786078172009 | ||
| 041 | _aspa | ||
| 082 |
_a641.6384 _bCHI |
||
| 245 | 0 | 3 | _aEL CHILE |
| 250 | _a1a ed. | ||
| 260 |
_aMEXICO : _bFUNDACION HERDEZ A.C., _c2011 |
||
| 300 |
_a527 _c18 x 1 x 17.8 |
||
| 520 | _aCON EL FIN DE FESTEJAR EL BICENTENARIO DE LA INDEPENDENCIA Y EL CENTENARIO DE LA REVOLUCION DE MEXICO, FUNDACION HERDEZ ORGANIZŇ EL CICLO DE CONFERENCIAS EL CHILE. PROTAGOSNITAS DE LA INDEPENDENCIA Y LA REVOLUCION CUYOS TEXTOS ESTAN CONTENIDOS EN LAS PRESENTES MEMORIAS. | ||
| 650 | 1 | 4 |
_aAJI _xMEXICO _xHISTORIA _xAJI _xCOCINA |
| 999 |
_c57569 _d57569 |
||